000 00274nam a22000977a 4500
008 240220b |||||||| |||| 00| 0 eng d
082 _aA-C
_bDOCE
100 1 0 _aDoce relatos de mujeres
_eautor
_943452
245 _aDoce relatos de mujeres /
_cFernández, Cristina
942 _2ddc
999 _c30634
_d17018